LEADER 00819nam a2200193 i 4500 001 000000142982 003 CaOOAMICUS 005 20050919000000.0 008 050919s1925 it u000 u ita u 013 $a118338 040 $aSeMil$bita 100 1 $aMonsabré, Jacques Marie Louis,$d<1827-1907>.$0(OLS)http://semarc/name/837 245 10$aPratica della penitenza. Le opere cattoliche :$b1885-1886. 300 $a264 p. 773 0 $aMonsabré, Jacques Marie Louis <1827-1907>$tRitiri pasquali.$dTorino-Roma : Pietro Marietti, 1924-1926.$gVolume7$w()12553 850 $aSeMil 852 $aSeMil$W1$xVenegono$y1$m3F I 425/7$j96115$B96115$CSeMilBibl$Z2$F103110 $81 961 $aRecupero: Biblioteca Seminario Saronno 996 $6245$aPratica della penitenza. Le opere cattoliche :$b1885-1886$9(OLS)http://semarc/title/209202 LEADER 00998nab a2200169 i 4500 001 000000280693 003 CaOOAMICUS 005 20140304000000.0 008 140304n xx uu u0 0und r 013 $a32830 020 $a978-1-4462-8681-4 040 $aSeMil$bita 245 14$aThe Apocalypse Unveiled :$bReflections on the Reception History of Revelation ; Ethics and the Spirit in Paul [part] 2 : Religious-Ethical Empowerment through the Relational Work of the Spirit ; Genesis 3 revisited. - Titoli dalla copertina. 500 $aMARCH 2014. 773 0 $t[October 2013-September 2014].$dLondon : SAGE Publications, copyr. 2013-2014.$w()222008 996 $6020$a978-1-4462-8681-4$9(OLS)http://semarc/number/267887 996 $6245$aThe Apocalypse Unveiled :$bReflections on the Reception History of Revelation ; Ethics and the Spirit in Paul [part] 2 : Religious-Ethical Empowerment through the Relational Work of the Spirit ; Genesis 3 revisited. - Titoli dalla copertina.$9(OLS)http://semarc/title/363632